LOTR, movies vs books - Statistics

General Stats
  • This quiz has been taken 160 times
  • The average score is 14 of 20
Answer Stats
Question Answer % Correct
Sam get's married to Rosie Same
97%
Gandalf kills the Balrog from Morgoth Same
95%
Eowyn kills the Witch king of angmar. Same
91%
Arwen saves Frodo from weathertop. Different (in the books)
89%
Gollum is the one who (accidentally) destroys the ring at Mount Doom. Same
82%
Aragorn gives the hobbits the Barrow-blades. Blades capable of destroying the Nazgul's protective spell. Different
81%
The fellowship attempts to cross Caradhras before going through the mines of Moria Same
81%
Elrond heals Frodo in Rivendell, after he was stabbed at Weathertop. Same
81%
Before entering the mines, the fellowship gets attacked by the "Watcher in the water". Same
80%
Merry, pippin and Sam are of similar age as Frodo. During Bilbo's 111th birthday Different
79%
Elrond dellivers the reforged Anduril to aragorn. Different
70%
The elves come to Rohan's aid at Helm's Deep Different
70%
The mouth of Sauron comes out the black gate. Same
66%
Sauron phisically came out to fight at the battle of the last alliance, and was slain. Same
53%
Aragorn Doesn't want to become king at first. Different
50%
Believing in Gollums lies, Frodo sends Sam home, before entering the tunnel at Cirith Ungol alone. Different
50%
The eye of Sauron sits upon Barad-Dûr in mordor. Different
48%
Gandalf tells Pippin to light the beacons to call Rohan for aid. Different
41%
The storm that stops the fellowship on Caradhras is summoned by Saruman. Different
39%
During the battle of Pelennor Fields, Denethor loses his mind. Different
15%
No matching quizzes found
Score Distribution
Percent of People with Each Score
Percentile by Number Answered
Your Score History
You have not taken this quiz